[Event "Reykjavik op"]
[Site "Reykjavik"]
[Date "2018.03.08"]
[Round "4"]
[White "Nihal, Sarin"]
[Black "Adly, Ahmed"]
[Result "1-0"]
[WhiteElo "2534"]
[BlackElo "2643"]
[Annotator "Fernandez,D"]
[PlyCount "135"]
[EventDate "2018.03.06"]
[EventType "swiss"]
[EventRounds "9"]
[EventCountry "ISL"]
[SourceTitle "CBM 184"]
[Source "ChessBase"]
[SourceDate "2018.05.16"]
[SourceVersion "1"]
[SourceVersionDate "2018.05.16"]
[SourceQuality "1"]

1. d4 d5 2. c4 e6 3. Nf3 Nf6 4. Nc3 Be7 5. Bf4 O-O 6. a3 {This might be the
order that gives White the greatest latitude later on.} b6 (6... c5 {is of
course playable.} 7. dxc5 Bxc5 8. e3 Nc6 9. Qc2 Qa5 {Now we reach a four-way
split for White.} 10. Ra2 (10. O-O-O Ne4 $5 11. Nb5 ({In my notes to
Mamedyarov-Anand below, I noted that Black was fine after} 11. Nxe4 dxe4 12.
Qxe4 Bxa3 $1 $40) 11... a6 12. Nc7 e5 $1 13. Nxd5 ({I also considered} 13. Rxd5
{but accurate play is enough to deal with this too:} exf4 14. Qxe4 Qxc7 15.
Rxc5 fxe3 16. Bd3 $5 (16. Qxe3 b6 17. Rh5 Bg4 18. Rg5 Rfe8 $1 $11) 16... g6 17.
Qxe3 b6 $11) 13... Nxf2 $1 14. Ng5 $1 (14. Qxf2 exf4 15. Nxf4 b5 $40) 14... Bf5
$1 15. Qxf2 (15. Qxf5 g6 $17) 15... exf4 (15... f6 {may also keep compensation,
but White's knight is being driven exactly where it would like to go, i.e.} 16.
Nh3 exf4 17. Nhxf4 Ne5 18. Nd3 $44) 16. Qxf4 Ne7 $1 $11) (10. Nd2 {is probably
the most promising:} Bb4 $5 11. cxd5 exd5 12. Nb3 Bxc3+ 13. bxc3 Qa4 $5 $132) (
10. Rd1 Re8 {is another of the hallowed paths of chess history.} 11. Nd2 (11.
Be2 e5 $15 {is the point}) 11... e5 12. Bg5 Nd4 13. Qb1 (13. Qc1 Bf5 $11 {
was a Carlsen last-round game once}) 13... Bf5 14. Bd3 Bxd3 (14... e4 $6 15.
Bf1 $1 $18) 15. Qxd3 Ne4 $132 {See Mamedyarov,S-Anand,V Tata Steel Masters
2018, also analysed by me for this site.}) 10... Be7 11. b4 Qd8 12. h3 d4 $1
$11 (12... b6 $143 13. cxd5 exd5 14. Be2 Be6 15. Ng5 Rc8 $6 16. Nxe6 fxe6 17.
Ba6 $14 {Topalov,V-Nakamura,H Saint Louis 2017})) 7. e3 Ba6 {A minor move that
nevertheless seems to also attain equality.} (7... c5 {is most common. Of
course, this leads to the common 'hanging pawns' structure, e.g.} 8. dxc5 bxc5
9. Be2 Bb7 10. O-O Nbd7 11. Rc1 Nb6 12. cxd5 Nbxd5 13. Nxd5 exd5 14. Qc2 Rc8
$132 {Edouard,R-Hawkins,J London 2015}) (7... Bb7 {is also played, but it is a
bit stodgy and Black has to be careful not to be worse, e.g.} 8. cxd5 exd5 9.
Bd3 $32) 8. Nb5 (8. Qb3 {is arguably more critical.} c6 9. Rd1 Nbd7 10. h3 Qc8
11. Be2 (11. Ne5 Nxe5 12. Bxe5 Rd8 $11 {Dreev,A-Bocharov,D Sochi 2017}) 11...
Bxc4 $1 $146 12. Bxc4 dxc4 13. Qxc4 Qb7 $11 {Next there will follow ...b5, ...
a6, ...c5 in the best Catalan style.}) 8... Ne8 (8... Bd6 $5 {is a paradoxical
move, which meets an even more paradoxical reply.} 9. Bg5 $1 (9. Nxd6 cxd6 10.
Rc1 Qe7 $11) 9... Be7 $1 {White now needs to find something to do that isn't
Bf4 or a waste of time. Play could continue:} 10. cxd5 Nxd5 11. Bxe7 Qxe7 12.
Rc1 {when White has strained himself to the maximum but it is not clear what
he's achieved from the opening following} c6 13. Nc3 Bxf1 14. Kxf1 Nd7 $11) 9.
cxd5 Qxd5 {Continuing the original manner of play.} 10. Nc3 Qb7 11. Bxa6 Nxa6
12. O-O c5 13. Nb5 (13. dxc5 Nxc5 14. b4 Nd7 15. Qb3 {is tempting, but Black
can make up for his lack of co-ordination by controlling squares:} Rc8 $11)
13... Rd8 (13... Nac7 $5 {seems to be the way to make this ...Ba6 line work.}
14. Nxc7 Nxc7 15. dxc5 Rfd8 16. Qc2 bxc5 $11) 14. Qa4 $1 {Now White has
something.} Bd6 (14... Nf6 15. Rac1 $14) (14... cxd4 15. Nbxd4 $1 $14 {
exploits the weakness of the c6-square.}) 15. dxc5 Bxf4 16. c6 Qxc6 17. Qxa6
Bb8 (17... Nc7 18. Nxc7 Bxc7 19. Rac1 Qd7 20. g3 $1 Bb8 21. Kg2 $14 {is not a
great improvement.}) 18. Rac1 Qd5 19. Nbd4 Nf6 20. Nc6 Rd7 21. Qa4 {The queen
having done its work on a6, it returns to threaten Rfd1.} b5 22. Qc2 Qd3 23.
Nfd4 (23. Nxb8 Rxb8 24. Ne5 Qxc2 25. Rxc2 $14 {gets a fairly clean edge too.})
23... Qxc2 24. Rxc2 Rb7 25. Na5 Rb6 26. Ndc6 Re8 27. Rd1 Kf8 28. f3 Nd5 29. Kf2
f5 (29... Rc8 30. Rcd2 $1 {ensures that White will be in a favourable position
to play e4 next.}) 30. Nxb8 Rbxb8 31. Nc6 Rb7 32. Nd4 {Now that e6 is weak,
White's knight does its best work from here. The threat is to take on e6/f5
and then d5.} Nf6 33. b4 Rb6 34. Rdc1 $1 {Now this position is probably
technically winning. White's skill in getting to this position should not be
underestimated.} e5 35. Nxf5 Ra6 36. e4 $6 (36. Rc7 {is more direct:} Rxa3 37.
Rxg7 Ra2+ 38. Kg1 $18 {and White will follow up with h3 and Rcc7.}) 36... Rxa3
37. Nd6 Rd8 (37... Rb8 {just defends the b5-pawn and it is not totally clear
what White had in mind. Maybe} 38. Rc8+ Rxc8 39. Rxc8+ Ke7 40. Nxb5 Ra2+ 41.
Ke3 Rxg2 42. Rc7+ Ke6 43. Rxa7 $14 {but this is already a lot less clear than
his early endgame play merited.}) 38. Nxb5 Ra4 39. Rc8 {Now White gets back on
track.} Ke7 $6 (39... Rxc8 $1 {was the best chance.} 40. Rxc8+ Kf7 41. Rc7+ Ke6
$1 (41... Kg6 42. Nd6 Rxb4 43. Nf5 $16) 42. Nxa7 Rxb4 43. Rxg7 Rb2+ 44. Ke1 Nh5
$16 {Black will be down three pawns on the next move, but White's pieces are
all misplaced and poorly co-ordinated, so there are drawing chances.}) 40.
R1c7+ Nd7 41. Rxd8 (41. Rxa7 $1 Rxb4 42. Rc5 $1 {was a hard continuation to
spot, but it won immediately.}) 41... Kxd8 42. Rxa7 Rxb4 43. Nc3 Rb2+ 44. Kg3
Ke7 45. Ra2 $5 {Played based on the rule that 'if the pawn ending is winning,
then so is the position with an extra pair of knights on the board.'} (45. Nd5+
Ke6 46. Ra6+ Kf7 47. Ne3 $18 {is technically winning after some further
investigation.}) 45... Rxa2 {Indeed, I think the knight ending is a win for
White, so probably Black should have kept the rooks on, even though his life
feels more difficult that way.} (45... Rb7 $16) 46. Nxa2 Nc5 47. Nb4 Kd6 48. h4
Ne6 49. Nd3 (49. Kg4 Nf4 {must have been what White wanted to avoid.}) 49...
Nf8 50. Kg4 Ke6 51. h5 Nd7 (51... h6 52. f4 $18) 52. Kg5 Nb6 53. h6 g6 54. f4
Nc4 55. fxe5 Kf7 {Instead of playing on in such positions one can also just
resign. However, one last wrinkle deserves to be pointed out.} (55... Nxe5 56.
Nxe5 Kxe5 {leads to an interesting tempo battle:} 57. g4 $3 (57. g3 Kxe4 58.
Kf6 Kd5 59. g4 g5 $1 {is only a draw!}) 57... Kxe4 58. Kf6 Kd5 59. Kg7 Ke6 60.
Kxh7 Kf7 61. g5 $1 $18 {The point. White needs Black to not have a pawn move
here.}) 56. Kf4 Ke7 57. Nf2 g5+ 58. Kxg5 Nxe5 59. Ng4 Nf7+ 60. Kf4 Ke6 61. e5
Nh8 62. Nf6 Ng6+ 63. Kg5 Nxe5 64. Nxh7 Kf7 65. Kf5 Nc4 66. Ng5+ Kg8 67. Kf6 Ne3
68. h7+ 1-0

[Event "Linares 08th"]
[Site "Linares"]
[Date "1990.??.??"]
[Round "3"]
[White "Gelfand, Boris"]
[Black "Beliavsky, Alexander G"]
[Result "1-0"]
[WhiteElo "2615"]
[BlackElo "2640"]
[Annotator "Ftacnik,L"]
[PlyCount "115"]
[EventDate "1990.02.??"]
[EventType "tourn"]
[EventRounds "11"]
[EventCountry "ESP"]
[EventCategory "16"]
[SourceTitle "CBM 017"]
[Source "ChessBase"]
[SourceDate "1990.08.01"]
[SourceVersion "1"]
[SourceVersionDate "1990.08.01"]
[SourceQuality "1"]

1. d4 Nf6 2. c4 e6 3. Nf3 d5 4. Nc3 Be7 5. Bf4 O-O 6. e3 c5 7. dxc5 Bxc5 8. Qc2
Nc6 9. a3 Qa5 10. O-O-O Bd7 11. g4 Rfc8 12. Kb1 Bf8 {N} (12... dxc4 13. Nd2 Ne7
14. Nxc4 Qd8 15. e4 Ng6 16. Bg3 Qe7 17. h4 h5 18. g5 Ne8 19. e5 Bc6 $13 {
Khalifman,A-Kotronias,V/Sochi-A/1989/ ->CBM 16}) 13. g5 Nh5 14. Bg3 (14. cxd5
Nxf4 15. exf4 Ne7 $132) 14... Ne7 15. Ne5 Be8 16. Be2 f6 $1 17. gxf6 gxf6 18.
Nf3 Bg6 19. e4 (19. Bd3 $2 Rxc4 $17) 19... dxe4 (19... dxc4 20. Nh4 $40) 20.
Nh4 Nxg3 21. hxg3 f5 22. g4 $1 Bg7 23. gxf5 exf5 24. Nxg6 hxg6 25. Nb5 Qb6 26.
Qb3 Kf8 (26... Qc5 27. Rd7) 27. Rh7 Rd8 28. Rdh1 Qf6 (28... Rd2 $2 29. Rxg7
Kxg7 30. Qc3+) 29. c5 Rd2 30. Rxg7 Kxg7 (30... Qxg7 31. Nc7 Qg8 32. Ne6+ $40)
31. Nc7 Qe5 (31... Rxe2 32. Ne6+ Kg8 33. Ng5+ Kg7 34. Rh7+ Kf8 35. Rf7+ $18)
32. Nxa8 Rxe2 33. Nc7 Qxc7 34. Qc3+ Kf7 (34... Kf8 35. Qf6+ Ke8 36. Rh8+ Kd7
37. Qd4+ Kc6 38. Rd8 $40) 35. Qc4+ Kf6 36. Qxe2 Qxc5 37. Rc1 $16 Qd5 38. Rd1
Qc5 39. Rd7 Qc6 40. Qd1 Ke6 41. Rd8 Nd5 42. Qb3 a5 43. Qg3 Ne7 44. Qb8 Qb6 45.
Rd2 Qc6 46. Qd8 b6 47. a4 g5 48. Qd4 g4 49. Rd1 Qc5 50. Qd7+ Ke5 51. Qe8 Kf4
52. Qb8+ Kg5 53. Qd8 Kf4 54. Rc1 Qb4 55. Rc3 Ng6 56. Qf6 Ne7 57. Qe6 Kg5 58.
Rc7 {Ftacnik,L} 1-0

[Event "Women-Veterans"]
[Site "Aruba"]
[Date "1992.??.??"]
[Round "3"]
[White "Polgar, Zsuzsa"]
[Black "Geller, Efim P"]
[Result "1-0"]
[WhiteElo "2540"]
[BlackElo "2525"]
[Annotator "Ftacnik,L"]
[PlyCount "45"]
[EventDate "1992.08.??"]
[EventType "schev"]
[EventRounds "6"]
[EventCountry "NAU"]
[SourceTitle "CBM 033"]
[Source "ChessBase"]
[SourceDate "1993.04.01"]
[SourceVersion "1"]
[SourceVersionDate "1993.04.01"]
[SourceQuality "1"]

1. d4 d5 2. c4 e6 3. Nc3 Be7 4. Nf3 Nf6 5. Bf4 O-O 6. e3 c5 7. dxc5 Bxc5 8. Be2
dxc4 9. Bxc4 a6 10. Qe2 b5 11. Bd3 Bb7 12. O-O Nbd7 13. Rfd1 Qb6 (13... h6 14.
Bg3 Bb4 15. Ne5 Qe7 16. Nxd7 Nxd7 17. a3 Bxc3 18. Bd6 Qh4 {Gurevich,M-Yusupov,
A/Munich/1992/1/2-1/2/}) (13... Qe7 14. Bg5 h6 (14... Rac8 15. a4 b4 16. Nb1 a5
17. Nbd2 h6 18. Bh4 Bb6 19. Be4 Nc5 20. Bxb7 Qxb7 21. Bxf6 gxf6 22. Nd4 Rfd8
23. Nc4 f5 24. Nb5 $14 {Gurevich,M-Beliavsky,A/Moscow Final GMA (9)/1990/}) 15.
Bh4 Qe8 (15... Rfc8 16. Be4 Nb6 17. Bxf6 gxf6 18. Nd4 f5 19. Bxb7 Qxb7 20. Qh5
Bf8 21. Nce2 Nc4 22. b3 Ne5 23. h3 Bg7 24. Rac1 {Gomez Esteban,J-Hoffman,A/
Salamanca (1)/1991/}) 16. Rac1 Be7 (16... Rc8 17. a4 e5 18. Bf5 g6 19. Bxd7
Nxd7 20. axb5 a5 21. e4 Nb6 22. Ra1 f5 23. exf5 e4 24. Nd4 $36 {Kaidanov,
G-Kolev,A/EU-CupT ZSKA-Sofia/1989/}) 17. Bb1 Rc8 18. a3 Nc5 19. Ne5 Nd5 20. Qc2
g6 {Kaidanov,G-Van der Sterren,P/Budapest Perenyi/1989/1/2-1/2/}) 14. Bg3 (14.
a4 b4 15. Nb1 Rfe8 16. Bg3 e5 17. Bc4 h6 18. a5 Qa7 19. Nbd2 e4 20. Ne1 Ne5 21.
Bxe5 Rxe5 22. Nb3 Bf8 23. Nc2 Qb8 24. Rd4 $14 {Cifuentes Parada,R-Van der
Sterren,P/NLD-ch/1992/}) 14... Be7 15. a4 b4 16. a5 Qc6 (16... Qc5 17. Nb1 Qh5
18. Nbd2 Nc5 19. Bc4 Rfc8 20. Nd4 Qg6 21. f3 Nfd7 22. e4 h5 23. Bf4 h4 24. h3
$13 {Gurevich,M-Geller,E/Helsinki op (08)/1992/}) 17. Na4 Rfc8 18. e4 Nh5 $6 (
18... Nxe4 $2 19. Bxe4 Qxe4 20. Qxe4 Bxe4 21. Rxd7 $18) 19. Be5 Bf6 $2 (19...
Nxe5 20. Nxe5 Nf4 21. Nxc6 Nxe2+ 22. Bxe2 Bxc6 (22... Rxc6 23. Rd7 $18) 23. Nb6
Bxe4 24. Nxc8 Rxc8 25. Bxa6 $18) 20. Nd4 Nxe5 (20... Nf4 21. Qe3 Nxe5 22. Nxc6
Nexd3 23. e5) 21. Nxc6 Nf4 $8 22. Qe3 Nexd3 (22... Nfxd3 23. Nxe5 Nxe5 24. Nb6
Nc4 25. Qe2 $18) 23. e5 $1 (23. e5 $1 Bxc6 24. exf6 Bxa4 25. Rxa4 Nxb2 26. Qxf4
Nxd1 27. Qg5 $18) 1-0

[Event "URS-ch U26"]
[Site "Minsk"]
[Date "1990.??.??"]
[Round "?"]
[White "Shabalov, Alexander"]
[Black "Kruppa, Yuri"]
[Result "1-0"]
[WhiteElo "2465"]
[BlackElo "2460"]
[Annotator "Ftacnik,L"]
[PlyCount "65"]
[EventDate "1990.01.??"]
[EventType "tourn"]
[EventRounds "13"]
[EventCountry "URS"]
[EventCategory "10"]
[SourceTitle "CBM 017"]
[Source "ChessBase"]
[SourceDate "1990.08.01"]
[SourceVersion "1"]
[SourceVersionDate "1990.08.01"]
[SourceQuality "1"]

1. d4 d5 2. c4 e6 3. Nc3 Be7 4. Nf3 Nf6 5. Bf4 O-O 6. e3 c5 7. dxc5 Bxc5 8. Qc2
Nc6 9. a3 Qa5 10. O-O-O Be7 11. g4 dxc4 12. Bxc4 e5 13. g5 exf4 14. gxf6 Bxf6
15. Nd5 Ne7 16. Nxf6+ (16. Rhg1 Kh8 17. Nxf6 gxf6 18. Qe4 Qc5 19. Qxf4 Bf5 20.
b4 Qc6 21. Rd6 Qa4 22. Bd3 Qxa3+ 23. Kd1 Rfd8 $19 {Ambarcumjan,A-Magomedov,M/
Frunze op/1989/}) 16... gxf6 17. Nd4 $1 {N; /\ Qe4} Qe5 18. Kb1 b5 19. Bd3 Bb7
20. Bxh7+ Kh8 21. exf4 Qh5 (21... Qxf4 22. Rhe1 {/\ Re3-h3->}) 22. Be4 Rac8 23.
Qd3 Bxe4 (23... Nd5 $5) 24. Qxe4 Ng6 25. f5 Ne5 26. Nxb5 Rc4 27. Rd4 Nf3 28.
Qe7 (28. Rxc4 $4 Nd2+) 28... Qxf5+ 29. Ka1 Rcc8 30. Nd6 Qe6 (30... Qe5 31. Nxc8
(31. Qxe5 fxe5 32. Rd3 Rc6) 31... Qxe7 32. Nxe7 Nxd4 33. Rd1 $18) 31. Qxe6 fxe6
32. Rf4 Rcd8 33. Rxf3 {Ftacnik,L} (33. Rxf3 Rxd6 34. Rh3+ Kg7 35. Rg1+ Kf7 36.
Rh7+ Ke8 37. Rxa7 $18) 1-0

[Event "Chalkidiki"]
[Site "Chalkidiki"]
[Date "1992.??.??"]
[Round "6"]
[White "Sokolov, Ivan"]
[Black "Kotronias, Vasilios"]
[Result "1-0"]
[WhiteElo "2625"]
[BlackElo "2550"]
[Annotator "Ftacnik,L"]
[PlyCount "63"]
[EventDate "1992.09.??"]
[EventType "tourn"]
[EventRounds "11"]
[EventCountry "GRE"]
[EventCategory "14"]
[SourceTitle "CBM 032"]
[Source "ChessBase"]
[SourceDate "1993.02.01"]
[SourceVersion "1"]
[SourceVersionDate "1993.02.01"]
[SourceQuality "1"]

1. c4 e6 2. Nc3 d5 3. d4 Be7 4. Bf4 Nf6 5. e3 O-O 6. Nf3 c5 7. dxc5 Bxc5 8. a3
Nc6 9. Be2 dxc4 (9... a6 10. Qc2 Bd6 11. Bg5 dxc4 12. Bxc4 Ne5 13. Be2 Qc7 14.
Rc1 Ned7 15. O-O h6 16. Bh4 Ng4 17. h3 Ngf6 18. Rfd1 Qb8 19. Ne4 Nxe4 20. Qxe4
Ne5 21. Nxe5 Bxe5 22. Be7 {0,5/Ivkov,B-Gligoric,S/JUG-ch/1982/}) 10. Bxc4 a6
11. Qc2 Be7 (11... b5 12. Bd3 Bb7 13. Ne4 Qa5+ 14. Ke2 Be7 15. Nxf6+ Bxf6 16.
Bxh7+ Kh8 17. Rac1 Rac8 18. Qb1 b4 19. Be4 Rfd8 20. Rhd1 Qb5+ 21. Bd3 Qh5 22.
Kf1 e5 23. Bg3 Ne7 24. Be4 Rxd1+ 25. Rxd1 Bxe4 26. Qxe4 $16 {Sokolov,
I-Cifuentes,R/Principe op/1992/}) (11... Qe7 12. Bg5 h6 13. Bh4 Qc7 14. O-O Bd6
(14... Bd7 15. Bxf6 gxf6 16. Rad1 Rfd8 17. Ba2 Bf8 18. Bb1 Bg7 19. Qh7+ Kf8 20.
Ne2 Ne5 21. Ng3 f5 22. Nh5 Nxf3+ 23. gxf3 Bxb2 24. Qxh6+ Ke8 25. Rd2 Qe5 26.
Qg5 $13 {Stohl,I-Sinkovics,P/Biel op/1989/}) 15. Be2 Ne5 16. Bg3 Bd7 17. Rac1
Rac8 18. Qb3 Nxf3+ 19. Bxf3 Bxg3 20. hxg3 b5 21. Rfd1 Qb8 22. Rc2 Bc6 23. Bxc6
Rxc6 24. Ne4 Rxc2 25. Nxf6+ gxf6 26. Qxc2 $10 {Yakovich-Lputian,Sm/Kiev ch-SU/
1986/}) (11... Bd7 12. O-O Nh5 (12... Rc8 13. Rfd1 Be7 14. Bd3 h6 15. e4 Nh5
16. Be3 e5 17. Qe2 Nf6 18. Nd5 Qe8 19. Rac1 Bg4 20. h3 Bxf3 21. Qxf3 Nd7 22.
Qg4 Kh7 23. Bxa6 f5 24. exf5 bxa6 25. Qg6+ Qxg6 26. fxg6+ $16 {Bareev-Ubilava/
Kharkov 1L/1985/}) 13. Bg5 Be7 14. Rad1 h6 15. Bxe7 Qxe7 16. Ba2 {0,5/Stohl,
I-Ubilava,E/TrenTep ch-CS/1985/}) 12. O-O (12. Rd1 Qa5 13. O-O e5 (13... h6 14.
e4 (14. h3 Rd8 15. Ba2 Bd7 16. Nd2 Be8 17. Bb1 Qh5 18. Nce4 Nxe4 19. Nxe4 e5
20. Nc3 Qg6 21. Qxg6 fxg6 22. Bg3 Rxd1 23. Rxd1 Rd8 24. Rxd8 Bxd8 25. Be4 Bc7
26. Nd5 $14 {Stohl,I-Gavrilakis,N/Haifa ETC/1989/}) (14. Ba2 Bd7 15. Nd2 $16 {
Miles,A-Ivkov,B/Vrbas/1980/}) 14... Ng4 15. Ba2 Bf6 16. h3 Nge5 17. Nxe5 Nxe5
18. Be3 b5 19. Bc5 {0,5/Stohl,I-Kotronias,V/Chalkidiki/1992/}) (13... Bd7 14.
e4 Be8 15. Rfe1 b5 16. Ba2 Rc8 17. Bb1 Nh5 18. e5 g6 19. Bh6 b4 20. Bxf8 bxc3
21. Bxe7 Nxe7 22. Ba2 {0,5/Pekarek,A-Geller,E/Dortmund op-A/1992/}) 14. Bg5 Bg4
15. Bxf6 Bxf3 16. gxf3 Bxf6 17. Rd7 e4 18. Qxe4 Bxc3 19. bxc3 Rac8 20. Bd5 Qxa3
21. Bxf7+ Kh8 22. c4 Qc3 23. f4 b5 24. cxb5 axb5 25. Bd5 Rfe8 26. Qb1 $16 {
Stohl,I-Dobrovolsky,L/Gemer/1990/}) 12... b5 13. Bd3 (13. Rfd1 Qe8 14. Ba2 Bb7
15. Rac1 Rd8 16. Bb1 Rxd1+ 17. Rxd1 Qc8 18. Ng5 g6 19. Nce4 Na5 20. Bd6 Nxe4
21. Bxe7 Qxc2 22. Bxc2 Nxg5 23. Bxg5 f6 24. Bh6 Rc8 25. Bb1 Kf7 26. e4 $14 {
Lechtynsky,J-Tozer,R/Cappelle op/1989/}) 13... Bb7 14. Rad1 Qe8 15. e4 (15. b4
$5 Rc8 16. Qb3 Nh5 17. Ne4 Nxf4 18. exf4 Rd8 19. Bb1 Rxd1 20. Rxd1 Qb8 21. Qc2
g6 $14) 15... b4 (15... Nh5 16. Be3 Qb8 17. Rfe1 Ne5 18. Nxe5 Qxe5 19. Be2 Nf4
20. Bxf4 Qxf4 21. Rd7 Bc8 $1 22. Rxe7 $2 Qd6) 16. e5 Nh5 17. Ne2 (17. Bxh7+ Kh8
18. Ne2 g6) 17... Rc8 18. Qb1 Kh8 (18... Nxf4 19. Nxf4 g6 20. h4 $40) 19. Bd2
f5 (19... bxa3 20. bxa3 Rb8 21. Qa2 $36) 20. exf6 gxf6 (20... Nxf6 21. Nf4 $40)
21. Ng3 Qf7 (21... Nxg3 22. hxg3 Qf7 23. Rfe1 $14) 22. Rfe1 Rg8 23. Be4 Nxg3
24. hxg3 bxa3 25. bxa3 Bc5 (25... Bxa3 26. Ng5 $5 fxg5 27. Qa1+ $16) 26. Be3
Bxe3 27. Rxe3 Rgd8 28. Rde1 Rd6 29. Rb3 Rd7 30. Rb6 Rcc7 (30... Nd8 $16) 31.
Qa1 Kg8 32. Rxb7 $1 1-0

[Event "Linares 08th"]
[Site "Linares"]
[Date "1990.??.??"]
[Round "7"]
[White "Jussupow, Artur"]
[Black "Beliavsky, Alexander G"]
[Result "1/2-1/2"]
[WhiteElo "2615"]
[BlackElo "2640"]
[Annotator "Ftacnik,L"]
[PlyCount "124"]
[EventDate "1990.02.??"]
[EventType "tourn"]
[EventRounds "11"]
[EventCountry "ESP"]
[EventCategory "16"]
[SourceTitle "CBM 017"]
[Source "ChessBase"]
[SourceDate "1990.08.01"]
[SourceVersion "1"]
[SourceVersionDate "1990.08.01"]
[SourceQuality "1"]

1. d4 Nf6 2. c4 e6 3. Nf3 d5 4. Nc3 Be7 5. Bf4 O-O 6. e3 c5 7. dxc5 Bxc5 8.
cxd5 Nxd5 9. Nxd5 exd5 10. a3 Nc6 11. Bd3 Bb6 12. O-O Qf6 {N} (12... Bg4 13. h3
Bh5 14. b4) 13. b4 Bg4 14. h3 Bf5 $5 (14... Bh5) 15. b5 Nd4 $3 16. Bxf5 (16.
Nxd4 Bxd4 17. exd4 Bxd3 18. Qxd3 Qxf4 $10) 16... Nxf3+ 17. Qxf3 Qxf5 18. Rfd1
Rad8 19. Rac1 d4 $1 20. Bc7 (20. Qxb7 dxe3 21. Bxe3 Rxd1+ 22. Rxd1 Qxb5 $10)
20... Qxf3 21. gxf3 Rd5 $1 (21... Bxc7 22. Rxc7 dxe3 23. Rxd8 Rxd8 (23... exf2+
24. Kxf2 Rxd8 25. Rxb7 $16) 24. fxe3 $16) 22. Bxb6 axb6 23. Rxd4 Rxb5 24. Rc7
Ra5 25. Rd3 h6 26. e4 Raa8 (26... Rfa8 27. Rdd7) 27. Rxb7 Rfb8 28. Rxb8+ Rxb8
$14 29. Rb3 Ra8 30. Kf1 Kf8 31. Ke2 Ke7 32. f4 g6 33. f3 Ra4 34. Kf2 Kf8 35.
Kg3 Kg7 36. Rxb6 Rxa3 37. Rb5 Ra1 38. h4 Rh1 39. h5 g5 $1 40. fxg5 Rxh5 41. Kg4
Rh1 42. gxh6+ Rxh6 43. f4 Ra6 44. Rg5+ Kf8 45. e5 Ra4 46. Rh5 Kg7 47. Rg5+ Kf8
48. Rf5 Kg7 49. Rf6 Ra5 50. Rd6 Rb5 51. Rd7 Kf8 52. Kg5 Kg7 53. Kf5 Ra5 54. Ke4
Ra1 55. f5 Re1+ 56. Kd5 Rf1 57. f6+ Kg6 58. Kd6 Ra1 59. Rc7 Ra6+ 60. Rc6 Ra1
61. Rc8 Ra6+ 62. Kd7 Ra7+ {Ftacnik,L} 1/2-1/2